Upper Limb - 2 - Statistics

General Stats
  • This quiz has been taken 23 times
  • The average score is 9 of 15
Answer Stats
Hint Answer % Correct
What nerve innervates it? Radial
94%
The Flexor retinaculum has 4 key points of attatchment the hook of hamate, scaphoid, trapezium and which other bone? Pisiform
88%
Which cord of the brachial plexus does it originate from? Posterior
88%
Does FDP have an origin from the radius? No
81%
All the muscles in the anterior forearm have origins from the common flexor origin, except muscles in which layer? Deep
75%
Which is the deepest head of the tricps brachii muscles? Medial
75%
Which muscle that is not always present sits inbetween FCU and FCR, and inserts into the palmar aponeurosis? Palmaris longus
75%
What nerve that runs between its two heads supplies FCU? Ulnar
75%
Where does the triceps tendon insert? Olecranon
69%
Although FCUs insertion has extensions to the hamate and the base of the fifth metacarpal, it has one key point of insertion where is this? Pisiform
63%
From superficial to intermediate to deep how many muscles are in each layer of the anterior forearm? 4, 1, 3
44%
What is the general term for veins accompanying a main artery? Venae comitantes
25%
What is the name given to the splitting or the FDS tendons over the proximal phalanx to allow the FDP tendons to pass through? Decussation
19%
Long
13%
Where in the humerus does the radial nerve run, with the accompanying profunda brachii artery? Spiral grove
6%
No matching quizzes found
Score Distribution
Percent of People with Each Score
Percentile by Number Answered
Your Score History
You have not taken this quiz